| 000 | 01375pam a22003254a 4500 | ||
|---|---|---|---|
| 001 | 14206728 | ||
| 003 | OSt | ||
| 005 | 20140811154520.0 | ||
| 008 | 051221s2005 enka 001 0 eng | ||
| 010 | _a 2005285151 | ||
| 020 | _a0340815809 | ||
| 040 |
_aDLC _cDLC _dDLC |
||
| 042 | _apcc | ||
| 050 | 0 | 0 |
_aRD35 _b.B74 2005 |
| 082 | 0 | 0 |
_a100 B816 2005 _222 |
| 245 | 0 | 0 |
_aBrowse's introduction to the symptoms and signs of surgical disease / _cNorman L. Browse ... [et al.]. |
| 250 | _a4th ed. | ||
| 260 |
_aLondon : _bBook power formely ELST with Hodder Arnold ; _c2005. |
||
| 300 |
_avii, 486 p. : _bcol. ill. ; _c25 cm. |
||
| 500 | _aRev. ed. of: An Introduction to the symptoms and signs of surgical disease / Norman L. Browse. 3rd ed. 1997. | ||
| 500 | _aIncludes index. | ||
| 650 | 0 |
_aDiagnosis, Surgical. _9872 |
|
| 700 | 1 |
_aBrowse, Norman L. _q(Norman Leslie) _9873 |
|
| 700 | 1 |
_aBrowse, Norman L. _q(Norman Leslie) _tIntroduction to the symptoms and signs of surgical disease. _9874 |
|
| 856 | 4 | 2 |
_3Publisher description _uhttp://www.loc.gov/catdir/enhancements/fy0636/2005285151-d.html |
| 856 | 4 | 2 |
_3Contributor biographical information _uhttp://www.loc.gov/catdir/enhancements/fy0723/2005285151-b.html |
| 906 |
_a7 _bcbc _corigcop _d2 _encip _f20 _gy-gencatlg |
||
| 942 |
_2z _cB_BANK |
||
| 999 |
_c333 _d333 |
||